Online Catalogue and eLibrary

Dominating knowledge : (Record no. 2789)

MARC details
000 -LEADER
fixed length control field 00533nam a2200193Ia 4500
005 - DATE AND TIME OF LATEST TRANSACTION
control field 20240522042931.0
008 - FIXED-LENGTH DATA ELEMENTS--GENERAL INFORMATION
fixed length control field 240331s9999 xx 000 0 und d
020 ## - INTERNATIONAL STANDARD BOOK NUMBER
ISBN 0198286945
082 ## - DDC Classification
Item Number - Author Mark DOM
Class No. 338.9
245 #0 - TITLE STATEMENT
Title Dominating knowledge :
Remainder of title development, culture, and resisitance
260 ## - PUBLICATION, DISTRIBUTION, ETC.
Place of publication, distribution, etc. New York
Name of publisher, distributor, etc. Oxford university press
Date of publication, distribution, etc. 1990
300 ## - PHYSICAL DESCRIPTION
Extent (e.g. Volumes, Pages etc.) x, 293 p .,
650 ## - SUBJECT ADDED ENTRY--TOPICAL TERM
Topical term or geographic name entry element Culture
650 ## - SUBJECT ADDED ENTRY--TOPICAL TERM
Topical term or geographic name entry element Social
650 ## - SUBJECT ADDED ENTRY--TOPICAL TERM
Topical term or geographic name entry element Development
700 ## - ADDED ENTRY--PERSONAL NAME
Personal name Marglin, Apffel Frederique
Relator term (Role) Editor
700 ## - ADDED ENTRY--PERSONAL NAME
Personal name Marglin, A, Stephen
Relator term (Role) Editor
942 ## - Koha item type (Biblio)
Koha item type Books in Stacks (Lending)
Holdings
Lost status Damaged status Collection code Home library Current library Shelving location Date acquired Full call number Accession Number Item type
    Lending WERC Library WERC Library Social Science Cupboard 03/31/2024 338.9 DOM 1225 Books in Stacks (Lending)

© WERC Library